Using rice husk ash as filler in rubber industry (Record no. 72001)

MARC details
000 -LEADER
fixed length control field 00514nam a2200169Ia 4500
100 ## - MAIN ENTRY--AUTHOR NAME
Personal name Vichitcholchai N
245 #0 - TITLE STATEMENT
Title Using rice husk ash as filler in rubber industry
260 ## - PUBLICATION, DISTRIBUTION, ETC. (IMPRINT)
Name of publisher IRRDB Symposium: Challenges for Natural Rubber in Globalization, 15-17 September 2003, Ching Mai, Thailand
650 ## - SUBJECT ADDED ENTRY--TOPICAL TERM
Topical Term Filler
650 ## - SUBJECT ADDED ENTRY--TOPICAL TERM
Topical Term Rice husk
650 ## - SUBJECT ADDED ENTRY--TOPICAL TERM
Topical Term Rubber industry
700 ## - ADDED ENTRY--PERSONAL NAME
Personal name Arayapranee W
700 ## - ADDED ENTRY--PERSONAL NAME
Personal name Na-Ranong N
700 ## - ADDED ENTRY--PERSONAL NAME
Personal name Noisuwan W
942 ## - ADDED ENTRY ELEMENTS (KOHA)
Koha item type Journals
Holdings
Withdrawn status Lost status Damaged status Not for loan Home library Current library Shelving location Date acquired Koha item type
      Journals RRII Library RRII Library Rubber general 17/12/2021 Journals